Music Quiz

Random Music Quiz

Are you the ULTIMATE 5SOS fan? Quiz Stats

 Plays Quiz not verified by Sporcle

Challenge
Share
Tweet
Embed
Score 0/60 Timer 10:00
1 Play Today
% Correct
PIZZA
87.8%
Norwest Christian College
87.2%
Australian
86%
Penguin
86%
hemmo1996
85.8%
5SOSFAM
84.7%
December 3, 2011
84.5%
Australian
84.2%
Liz
84.2%
Kiwi and Scottish
83.6%
Dog
83.3%
Hi or Hey Records
83.3%
Australian
82.9%
Sydney, Australia
82.9%
FIFA
82.9%
November 20
82.7%
January 25
82.4%
Michael and Luke
82.4%
Calum Thomas Hood
82.2%
Michael5SOS
82.2%
Calum5SOS
82%
Ashton
81.5%
July 7
81.3%
Ketchup
81.1%
Luke5SOS
81.1%
Luke
81.1%
Ashton
80.9%
Joy
80.6%
Ashton5SOS
80.4%
Ashton
80.2%
% Correct
Karen
80%
michaelclifford
80%
Ashton
79.7%
Ashton Fletcher Irwin
79.5%
Michael and Calum
79.5%
Luke Robert Hemmings
79.1%
Anne Marie
79.1%
calumhood
78.6%
July 16
78.2%
lukehemmings
78.2%
How Did We End Up Here?
78.2%
Swallow the Goldfish
77.7%
ashtonirwin
77.5%
Michael
77.3%
Rock Out With Your Socks Out
76.6%
5 Seconds of Summer
76.1%
Sounds Good Feels Good
75.7%
Hey, Let's Make a Band
75.2%
Louis Tomlinson
71.6%
Hey Violet
70.7%
Annandale Hotel
70%
One Direction
69.8%
Maths Teacher
67.6%
Niall Horan
67.1%
Michael Gordon Clifford
66.4%
Sounds Live Feels Live
65.5%
Hot Chelle Rae
61.5%
QUEEN
57%
Wormstein
48.9%
Donuts
37.8%

You're not logged in!

Compare scores with friends on all Sporcle quizzes.
OR
Log In

You Might Also Like...

Show Comments

Extras

Created Apr 19, 2016ReportNominate
Tags:5sos

Top Quizzes Today


Score Distribution

Your Account Isn't Verified!

In order to create a playlist on Sporcle, you need to verify the email address you used during registration. Go to your Sporcle Settings to finish the process.

Report this User

Report this user for behavior that violates our Community Guidelines.

Details: